[Event "Las Vegas National op"]
[Site "Las Vegas"]
[Date "2024.06.06"]
[Round "1"]
[White "Zhou, Ruoyu"]
[Black "Daggupati, Balaji"]
[Result "0-1"]
[WhiteElo "2128"]
[BlackElo "2490"]
[PlyCount "98"]
[EventDate "2024.06.03"]
[EventType "swiss"]
[EventRounds "9"]
[EventCountry "USA"]
[SourceTitle "CB24_2024"]
[SourceDate "2024.06.12"]
[SourceVersion "1"]
[SourceVersionDate "2024.06.12"]
[SourceQuality "1"]

1. e4 c5 2. Nf3 e6 3. d4 cxd4 4. Nxd4 Nf6 5. Nc3 Nc6 6. Ndb5 d6 7. Bf4 e5 8. Bg5 a6 9. Na3 b5 10. Nd5 Be7 11. Bxf6 Bxf6 12. c3 Bb7 13. Nc2 Ne7 14. Nxf6+ gxf6 15. Bd3 d5 16. exd5 Qxd5 17. Ne3 Qe6 18. a4 Rd8 19. Qe2 e4 20. Bc2 b4 21. cxb4 f5 22. g3 Nc6 23. Qh5 Nxb4 24. 0-0 Qg6 25. Qxg6 hxg6 26. Rfd1 Ke7 27. Rac1 Rc8 28. Bb3 Nd3 29. Rxc8 Rxc8 30. h4 Rc5 31. Bc2 f4 32. gxf4 Nxf4 33. Bb3 Bc6 34. Rd2 Nd3 35. Bc4 Ne5 36. Be2 Bxa4 37. Rd4 Bb5 38. Bd1 Bc6 39. Kg2 f5 40. Bb3 Nd3 41. Bd5 Bxd5 42. b4 Rb5 43. h5 gxh5 44. Nxf5+ Ke6 45. Ne3 Ke5 46. Rxd5+ Rxd5 47. Nxd5 Kxd5 48. f3 exf3+ 49. Kxf3 Nxb4 0-1

[Event "Santa Clara 1000 GM Schev2 03"]
[Site "Santa Clara"]
[Date "2024.03.10"]
[Round "3.5"]
[White "Zhou, Ruoyu"]
[Black "Filgueiras, Nathan Felipe"]
[Result "0-1"]
[WhiteElo "2168"]
[BlackElo "2316"]
[PlyCount "105"]
[EventDate "2024.03.06"]
[EventType "schev"]
[EventRounds "5"]
[EventCountry "USA"]
[SourceTitle "CB13_2024"]
[SourceDate "2024.03.27"]
[SourceVersion "1"]
[SourceVersionDate "2024.03.27"]
[SourceQuality "1"]

1. e4 c5 2. Nf3 Nc6 3. d4 cxd4 4. Nxd4 e5 5. Nb5 d6 6. N1c3 a6 7. Na3 Be6 8. Nc4 Rb8 9. Ne3 Nf6 10. Bd3 g6 11. 0-0 Bg7 12. a3 0-0 13. Ncd5 Bxd5 14. exd5 Ne7 15. c4 Nd7 16. Rb1 f5 17. f3 h5 18. b4 f4 19. Nc2 Nf5 20. Qe1 Bf6 21. Bxf5 gxf5 22. Qe2 b5 23. Qd3 Bg7 24. Bb2 Qb6+ 25. Kh1 Rbc8 26. cxb5 Qxb5 27. Qxb5 axb5 28. Na1 Nb6 29. Nb3 Rc2 30. Rfc1 Rfc8 31. Na5 Nxd5 32. Rxc2 Rxc2 33. g3 Kf7 34. gxf4 Nxf4 35. a4 bxa4 36. b5 Nd5 37. Ba3 Nb6 38. Bxd6 Ke6 39. Ba3 e4 40. fxe4 fxe4 41. Re1 Bc3 42. Nc6 Rxh2+ 43. Kxh2 Bxe1 44. Bc5 Nd7 45. Ba3 Kd5 46. Kg2 Kc4 47. Kf1 Bc3 48. Ne7 Bb4 49. Bxb4 Kxb4 50. Nd5+ Kb3 51. Nf4 a3 52. Ne2 Kb2 53. Kg1 0-1

[Event "Las Vegas National op"]
[Site "Las Vegas"]
[Date "2022.06.08"]
[Round "1"]
[White "Zhou, Qiyu"]
[Black "Zhou, Ruoyu"]
[Result "1-0"]
[WhiteElo "2218"]
[BlackElo "1716"]
[PlyCount "141"]
[EventDate "2022.06.08"]
[EventType "swiss"]
[EventRounds "9"]
[EventCountry "USA"]
[SourceTitle "CBM 208 Extra"]
[Source "ChessBase"]
[SourceDate "2022.07.31"]
[SourceVersion "1"]
[SourceVersionDate "2022.07.31"]
[SourceQuality "1"]

1. e4 e5 2. Nf3 Nc6 3. Bb5 a6 4. Ba4 Nf6 5. 0-0 Be7 6. Re1 b5 7. Bb3 0-0 8. h3 d6 9. c3 Na5 10. Bc2 c5 11. d4 Qc7 12. Nbd2 cxd4 13. cxd4 Nc6 14. d5 Nb4 15. Bb1 a5 16. a3 Na6 17. Bd3 Bd7 18. Nf1 Nc5 19. Ng3 Rfc8 20. Be3 Nxd3 21. Qxd3 Qc4 22. Qd1 Qc2 23. Re2 Qxd1+ 24. Rxd1 Rc4 25. b3 Rc3 26. Rb2 a4 27. Bd2 Rxb3 28. Rxb3 axb3 29. Bb4 Rc8 30. Rb1 Bf8 31. Rxb3 Rc1+ 32. Kh2 Rc2 33. Kg1 Rc1+ 34. Ne1 Rc4 35. f3 Ne8 36. Nd3 Nc7 37. Rc3 Na6 38. Ne2 Rxc3 39. Nxc3 f6 40. Kf2 Nc5 41. Ke2 Nb3 42. Nb2 Nd4+ 43. Kd3 Be7 44. Ba5 Nb3 45. Bb6 Nc5+ 46. Ke2 Kf8 47. Nd3 Nxd3 48. Kxd3 Ke8 49. Bc7 f5 50. Kc2 g5 51. g4 fxe4 52. Nxe4 Bc8 53. Bxd6 Bb7 54. Bxe7 Kxe7 55. d6+ Kd8 56. Nxg5 Bd5 57. Nxh7 Bxf3 58. Nf6 Bg2 59. h4 Bh3 60. h5 e4 61. Kd2 Bf1 62. h6 e3+ 63. Kxe3 b4 64. axb4 Bb5 65. h7 Be8 66. h8Q Kc8 67. Qxe8+ Kb7 68. Qb5+ Ka8 69. Nd7 Ka7 70. Qb6+ Ka8 71. Qb8# 1-0